| 000 | 00917nmm a2200325 a 4500 | ||
|---|---|---|---|
| 003 | AR-BaBNM | ||
| 005 | 20251128203724.0 | ||
| 008 | 296119s1945 ||||||||||||||000 | spa|| | ||
| 040 | _cAR-BaBNM | ||
| 100 | 1 |
_aClaretie, Léo _d1862-1924 |
|
| 245 | 1 | 0 |
_aHistoria de la literatura francesa _n1 |
| 260 |
_aBuenos Aires _bAmericalee _c1945 |
||
| 300 | _a717 p. | ||
| 500 | _aContiene cuadros cronológicos de las principales obras de la literatura francesa al final de la obra | ||
| 650 | 4 | _aHISTORIA LITERARIA | |
| 650 | 4 | _aESCRITORES | |
| 650 | 4 | _aLITERATURA FRANCESA | |
| 650 | 4 | _aCRITICA LITERARIA | |
| 650 | 4 | _aFILOSOFIA LITERARIA | |
| 650 | 4 | _aEDAD MEDIA | |
| 650 | 4 | _aCRISTIANISMO | |
| 650 | 4 | _aRENACIMIENTO | |
| 650 | 4 | _aSIGLO DIECISIETE | |
| 650 | 4 | _aBURGUESIA | |
| 653 | _aNEOCLASICISMO | ||
| 655 | _aLITERATURA | ||
| 700 | 1 |
_aSosa, M.J. de _etraductor |
|
| 942 | _cBK | ||
| 998 | _cMARTIN | ||
| 999 |
_c4643 _d4643 |
||